Podaj markę butów do podanego modelu - Statystyki

Ogólne statystyki
  • Ten quiz został rozwiązany 15 razy
  • Średni wynik to 10 z 32
Statystyki odpowiedzi
Model Marka % Poprawnych
Air Force 1 Nike
100%
Dunk Low Nike
87%
Campus Adidas
80%
Samba Adidas
67%
530 New Balance
60%
Gazelle Adidas
53%
Cortez Nike
53%
Air Pegasus 2005 Nike
53%
Speedcat Puma
53%
Palermo Puma
47%
Hhandball Spezial Adidas
40%
574 New Balance
33%
GEL-1130 Asics
27%
P-6000 Nike
27%
Forum2000 Adidas
20%
GEL-Quantum 180 VIII Asics
20%
One Star Pro Converse
20%
2002 New Balance
20%
1906R New Balance
20%
Mostro Puma
20%
Star Player 76 Converse
13%
610T New Balance
13%
Morphic Puma
13%
GT-2160 Asics
7%
Echo Clog Crocs
7%
GV Special Puma
7%
Z89 Low Champion
0%
Weapon Converse
0%
Zagato V3 FILA
0%
Archieve RJV FILA
0%
Teratach 600 FILA
0%
Spizike Low Jordan
0%
Nie znaleziono quizów pasujących do podanych kryteriów
Rozkład punktacji
Procent ludzi z każdym wynikiem
Percentyl według liczby udzielonych odpowiedzi
Twoja historia wyników
Nie rozwiązałeś tego quizu